000 00644nam a2200217 a 4500
001 3492
003 CO-ViMGA
008 141112s2004 ck r 000 u spa d
040 _aCO-ViMGA
_bspa
_cCO-ViMGA
082 0 4 _a660.62 C783
100 1 _aCrueger, Wulf
_953302
245 1 0 _aBiotecnologĂ­a :
_bmanual de microbiologĂ­a industrial /
_cCrueger Wulf , Crueger Anneliese
260 _aZaragoza :
_bAcribia,
_c1993
300 _a413 p : il
490 _aMicrobiologia y biotecnologia
650 1 4 _aBIOTECNOLOGIA
650 1 4 _aCrueger, Anneliese
_953304
650 1 4 _aMICROBIOLOGIA
650 1 4 _aTECNOLOGIA DE ALIMENTOS
942 _2ddc
_cBK
999 _c15537
_d15537